Euros Runner-ups - Statistics

General Stats
  • This quiz has been taken 411 times
    312 since last reset
  • The average score is 15 of 17
Answer Stats
Hint Answer % Correct
2024 England
100%
2020 England
100%
2016 France
99%
2008 Germany
99%
1992 Germany
99%
2012 Italy
98%
2000 Italy
98%
2004 Portugal
97%
1984 Spain
97%
1980 Belgium
90%
1988 Soviet Union
89%
1972 Soviet Union
89%
1964 Soviet Union
89%
1968 Yugoslavia
83%
1960 Yugoslavia
83%
1996 Czech Republic
73%
1976 West Germany
62%
No matching quizzes found
Score Distribution
Percent of People with Each Score
Percentile by Number Answered
Your Score History
You have not taken this quiz since the last reset